000
00232nam a2200097Ia 4500
005
20251222114354.0
008
251222s1900||||xx |||||||||||||| ||spa||
082
_a
DVD0080/V63/1956
245
0
_a
Guerre et paix:Guerra y Paz
942
_c
DVD
999
_c
1372
_d
1372